Normal view
MARC view
- ISLAM-BIOGRAPGY-PROPHET MUHAMMAD PEACE BE UPON HIM
Entry Topical Term
001 - CONTROL NUMBER
- control field: 66124
003 - CONTROL NUMBER IDENTIFIER
- control field: NUST
005 - DATE AND TIME OF LATEST TRANSACTION
- control field: 20210628203535.0
008 - FIXED-LENGTH DATA ELEMENTS
- fixed length control field: 210628|| aca||aabn | a|a d
040 ## - CATALOGING SOURCE
- Original cataloging agency: NUST
- Transcribing agency: NUST
150 ## - HEADING--TOPICAL TERM
- Topical term or geographic name entry element: ISLAM-BIOGRAPGY-PROPHET MUHAMMAD PEACE BE UPON HIM
670 ## - SOURCE DATA FOUND
- Source citation: Work cat.: (NUST): Salah-Ud-Din Sani 66123, Aap (pubh) key guftagoo -wa- khatab ka tareka seerat-e-e tayyba (pubh) key roshnee may, 2007
